书目信息 |
| 题名: |
物业管理实务
|
|
| 作者: | 黄安永 主编 | |
| 分册: | ||
| 出版信息: | 北京 中国建筑工业出版社 1999.02 |
|
| 页数: | 697页 | |
| 开本: | 32开 | |
| 丛书名: | ||
| 单 册: | ||
| 中图分类: | ||
| 科图分类: | ||
| 主题词: | 城市经济 , 市政经济 | |
| 电子资源: | ||
| ISBN: | 7-112-03693-3 | |
| 000 | 00586nam0 2200217 45 | |
| 001 | 9909081714 | |
| 005 | 19990908171505.3 | |
| 010 | @a7-112-03693-3@d38.00元 | |
| 100 | @a19990908d1999 km y0chiy0120 ea | |
| 101 | @achi | |
| 105 | @a z 000yy | |
| 200 | 1 | @a物业管理实务@AWu Ye Guan Li Shi Wu@f黄安永主编@FHuang An Yong Zhu Bian |
| 210 | @a北京@c中国建筑工业出版社@d1999.02 | |
| 215 | @a697页@d32开 | |
| 606 | 0 | @a城市经济 |
| 606 | 0 | @a市政经济 |
| 690 | @v3 | |
| 690 | @aF293.3 | |
| 701 | @a黄安永@4主编 | |
| 801 | @aCN@bPFTUser@c19990908 | |
| 905 | @f2@b40329-330@dF293.3@eH906 | |
| 物业管理实务/黄安永主编.-北京:中国建筑工业出版社,1999.02 |
| 697页;32开 |
| ISBN 7-112-03693-3:38.00元 |
| ● |
| 相关链接 |
|
|
|
正题名:物业管理实务
索取号:F293.3/H906
 
预约/预借
| 序号 | 登录号 | 条形码 | 馆藏地/架位号 | 状态 | 备注 |
| 1 | 40329 | 200403296 | 社科二线422/422社科库 47排1列2层/ [索取号:F293.3/H906] | 在馆 | |
| 2 | 40330 | 200403303 | 社科二线422/422社科库 47排1列2层/ [索取号:F293.3/H906] | 在馆 | |
| 3 | 41066 | 200410661 | 社科库409/400B社科库 3排2列6层/ [索取号:F293.3/H906] | 在馆 | |
| 4 | 41067 | 200410670 | 社科二线422/422社科库 18排2列1层/ [索取号:F293.3/H906] | 在馆 |